Estadísticas para Salón De La Fama De La Copa Del Mundo

Haz click aquí para intentar la prueba.

Estadísticas generales

  • Esta prueba ha sido intentada 70 veces
  • La puntuación promedio es 21 de 22

Estadísticas de respuestas

Año2° PuestoNacional% Correcto
2014ArgentinaAlemania
100%
2022FranciaArgentina
100%
1978Países BajosArgentina
100%
1986Alemania OccidentalArgentina
100%
1994ItaliaBrasil
100%
1958SueciaBrasil
100%
1962ChecoslovaquiaBrasil
100%
1970ItaliaBrasil
100%
2002AlemaniaBrasil
100%
2010Países BajosEspaña
100%
2018CroaciaFrancia
100%
1998BrasilFrancia
100%
2006FranciaItalia
98%
1982Alemania OccidentalItalia
98%
1938HungríaItalia
98%
1934ChecoslovaquiaItalia
98%
1950BrasilUruguay
98%
1930ArgentinaUruguay
98%
1966Alemania OccidentalInglaterra
97%
1990ArgentinaAlemania Occidental
74%
1974Países BajosAlemania Occidental
74%
1954HungríaAlemania Occidental
74%

Distribución de puntuación

Porcentaje por número respondido

Porcentaje de gente con cada puntuación

Historial de tus puntuaciones

No has intentado esta prueba.